<?xml version="1.0" encoding="UTF-8"?>
<record
    xmlns:xsi="http://www.w3.org/2001/XMLSchema-instance"
    xsi:schemaLocation="http://www.loc.gov/MARC21/slim http://www.loc.gov/standards/marcxml/schema/MARC21slim.xsd"
    xmlns="http://www.loc.gov/MARC21/slim">

  <leader>01587naa a2200241 i 4500</leader>
  <controlfield tag="001">BPP</controlfield>
  <controlfield tag="003">BPK</controlfield>
  <controlfield tag="005">20150416112407.0</controlfield>
  <controlfield tag="008">150416s1981    pl     f     |100 0 pol</controlfield>
  <datafield tag="040" ind1=" " ind2=" ">
    <subfield code="c">BPK</subfield>
  </datafield>
  <datafield tag="080" ind1=" " ind2=" ">
    <subfield code="a">69</subfield>
  </datafield>
  <datafield tag="100" ind1=" " ind2=" ">
    <subfield code="a">MALEPSZY, Bonifacy.</subfield>
    <subfield code="d">1971 - 1996.</subfield>
    <subfield code="b">Wy&#x17C;sza Szko&#x142;a In&#x17C;ynierska w Koszalinie - Instytut Budownictwa L&#x105;dowego,</subfield>
    <subfield code="c">Zak&#x142;ad Ekonomiki i Organizacji Budownictwa</subfield>
  </datafield>
  <datafield tag="245" ind1=" " ind2=" ">
    <subfield code="a">Przestrzenne rozmieszczenie zaplecza produkcyjno-us&#x142;ugowego budownictwa w miastach /</subfield>
    <subfield code="c">Bonifacy Malepszy, Piotr Kuciel.</subfield>
  </datafield>
  <datafield tag="260" ind1=" " ind2=" ">
    <subfield code="c">1981.</subfield>
  </datafield>
  <datafield tag="500" ind1=" " ind2=" ">
    <subfield code="a">Dane  z autopsji.</subfield>
  </datafield>
  <datafield tag="520" ind1=" " ind2=" ">
    <subfield code="a">Projektowana reforma gospodarcza spowoduje konieczno&#x15B;&#x107; dokonania g&#x142;&#x119;bokich przekszta&#x142;ce&#x144; organizacyjnych budownictwa. Reorganizacji powinien podlega&#x107; r&#xF3;wnie&#x17C; obowi&#x105;zuj&#x105;cy obecnie system przestrzennego rozmieszczania i funkcjonowania zaplecza produkcyjno-us&#x142;ugowego. Teoretyczne modele mo&#x17C;liwo&#x15B;ci zmian wraz z ich uzasadnieniem przedstawione zosta&#x142;y w artykule.</subfield>
  </datafield>
  <datafield tag="650" ind1=" " ind2="0">
    <subfield code="a">Budownictwo miejskie.</subfield>
  </datafield>
  <datafield tag="650" ind1=" " ind2="0">
    <subfield code="a">Planowanie przestrzenne.</subfield>
  </datafield>
  <datafield tag="655" ind1=" " ind2="0">
    <subfield code="a">Materia&#x142;y konferencyjne.</subfield>
  </datafield>
  <datafield tag="711" ind1=" " ind2=" ">
    <subfield code="a">Kursokonferencja Naukowa pt. Zasady przestrzennego rozmieszczenia zaplecza przedsi&#x119;biorstw budowlanych w miastach oraz usprawnienia zaopatrzenia materia&#x142;owo-technicznego budownictwa</subfield>
    <subfield code="d">(1981.10 ;</subfield>
    <subfield code="c">Koszalin, Polska).</subfield>
  </datafield>
  <datafield tag="773" ind1=" " ind2=" ">
    <subfield code="i">W :</subfield>
    <subfield code="t">Zasady przestrzennego rozmieszczenia zaplecza przedsi&#x119;biorstw budowlanych w miastach oraz usprawnienia zaopatrzenia materia&#x142;owo-technicznego budownictwa : Kursokonferencja Naukowa. -</subfield>
    <subfield code="g">1981, s. 1-28</subfield>
  </datafield>
  <datafield tag="942" ind1=" " ind2=" ">
    <subfield code="c">ART</subfield>
    <subfield code="2">UKD</subfield>
  </datafield>
  <datafield tag="999" ind1=" " ind2=" ">
    <subfield code="c">5503</subfield>
    <subfield code="d">5503</subfield>
  </datafield>
  <datafield tag="952" ind1=" " ind2=" ">
    <subfield code="0">0</subfield>
    <subfield code="1">0</subfield>
    <subfield code="4">0</subfield>
    <subfield code="7">0</subfield>
    <subfield code="a">BPK</subfield>
    <subfield code="b">BPK</subfield>
    <subfield code="o">28252</subfield>
    <subfield code="y">ART</subfield>
  </datafield>
</record>
